1251 1481 1909 1022 1841 1532 1737 1040 1067 1652 1325 1285 1226 1502 1354 1459 1500 1285 1472 1283 1858 1084 1214 1543 1282 1028 1963 1276 1667 1457 1219 1626 1856 1127 1219 1641 1225 1670 1850 1723 1409 1740 1064 1560 1795 1751 1933 1732 1288 1115 1269 1584 1481 1936 1468 1464 1409 1249 1220 1204 1827 1027 1332 1547 1618 1129 1418 1383 1968 1230 1977 1314 1898 1859 1372 1132 1018 1958 1919 1973 1166 1424 1815 1483 1125 1218 1408 1486 1095 1424 1408 1667 1715 1778 1129 1170 1851 1880 1402 BCNSPRNW ULIB Ver.6.0+V

เปลี่ยนเป็นภาษาไทย

Change to English
 แสดงรายละเอียดบรรณานุกรม
  กลับหน้าหลัก

Brief Record : Get Marc (ISO 2709) : E-mail record : QR code < ปิดหน้าต่าง
LEADER : 00000nam 2200000uu 4500
001    13399108003
003     ULIB
008    110214s2552||||th 000 0 tha d
020    9786115510443
060 04 QY4^bพ237พ 2552
245 00 พยาธิวิทยาคลินิก =^bClinical pathology /^cบรรณาธิการ,พรรธนมณฑน์ อุชชิน ... [และคนอื่นๆ]
246 31 Clinical pathology
250    พิมพ์ครั้งที่ 3
260    กรุงเทพฯ :^bภาควิชาเวชศาสตร์ชันสูตร คณะแพทยศาสตร์จุฬาลงกรณ์มหาวิทยาลัย,^c2552
300    587 หน้า :^bภาพประกอบ ;^c27 ซม.
650  7 พยาธิวิทยาคลินิก
650  7 การวินิจฉัยโรคทางห้องปฏิบัติการ
650  7 เลือด
650  7 โลหิตวิทยา
700 0  พรรธนมณฑน์ อุชชิน,^eบรรณาธิการ
710 2  จุฬาลงกรณ์มหาวิทยาลัย. ^bคณะแพทยศาสตร์.^bภาควิชาเวชศาสตร์ชันสูตร
945    ^p450^l0^i027065
945    ^p450^l0^i027063
945    ^p450^l0^i027064
945    ^p450^l0^i024557
995    ทศพร
999 ^a ใช้งานได้ทุกระบบ
รายการนี้ยังไม่มีแท็ก
คุณยังไม่ได้ล็อกอิน คุณสามารถมีกิจกรรมร่วมกับเว็บไซต์ได้ แต่ต้องล็อกอินก่อน ::
  ล็อกอิน

รายการสื่อสารสนเทศ

ลำดับที่ ประเภท เลขเรียก/บาร์โค้ด สถานที่ สถานะ
- ไม่พบข้อมูล -

รายการใกล้เคียง
    หัวเรื่อง [พยาธิวิทยาคลินิก]
    หัวเรื่อง [การวินิจฉัยโรคทางห้องปฏิบัติการ]
    หัวเรื่อง [เลือด]
    หัวเรื่อง [โลหิตวิทยา]

BibComment


ยังไม่เคยถูกคอมเมนท์

คอมเมนท์ทรัพยากรรายการนี้
  คอมเมนท์: พยาธิวิทยาคลินิก ..


 Copyright 2026. Bcnsprnw @Library